MDQL
is popping MORE tags! Check the
thread
!
Quizzes
Events
Quiz Creation
Community
Videos
Private Events
Remove Ads
Sign In
Join for FREE
Feedback
Dark Mode
Quiz Categories
Sports
Geography
Music
Movies
Television
Just For Fun
Miscellaneous
History
Literature
Language
Science
Gaming
Entertainment
Religion
Holiday
For Kids
Quiz Lab
Recent
Popular Today
Quiz Kudos Today
Editor Picks
Curator Picks
Quizzes by...
Day
Popularity
Type
Ratings
Length
Year
Community
Subscriptions
Recent Discussions
Orange Saloon
Badges
Playlists
Quests
Create
Leaderboards
Showdown
Live 5
Trivia Bingo
Activity
Puzzle Library
Sporcle Events
Private Events
Virtual Trivia
Globe League
Become a Host
Pub Owners
SporcleCon
Opinionation
Our Games
Videos
Blog
Mobile Apps
Partnerships
Remove Ads and Go Orange
Feedback
Sports
Athletes
MLB
NBA
NHL
NFL
Soccer
Sports Teams
WWE
NCAA
Football
Premier League
Basketball
Baseball
Hockey
Golf
Tennis
Cricket
Rugby
Auto Racing
Olympics
World Cup
Sports
Athletes
MLB
NBA
NHL
NFL
Soccer
Sports Teams
WWE
NCAA
Football
Premier League
Basketball
Baseball
Hockey
Golf
Tennis
Cricket
Rugby
Auto Racing
Olympics
World Cup
Random Quiz
Search Sporcle
×
Quiz Lab
Quiz Lab
Sports
male
Type in answers that appear in a list
Type in answers that appear in a list
Classic
Best Score? Go Orange.
Male singles Wimbledon champions(open era) Stats
Can you name the Male singles Wimbledon champions(open era)?
By
Musicofthenight
12m
45 Questions
196 Plays
196 Plays
196 Plays
Comments
Comments
Give Quiz Kudos
Give Quiz Kudos
-
- Ratings
hide this ad
Random Order
Randomize order of answers
Randomize order of answers
Replay
Link that replays current quiz
Next Quiz
Link to next quiz in quiz playlist
You Got
0%
They Got
Avg Score
85%
Avg Friend Score
Upgrade to see
Score Distribution
Jump to the score distribution portion of the page
Score
0/45
Timer
12:00
0
Plays Today
Year
Champion
% Correct
2003
Roger Federer
99%
2004
Roger Federer
99%
2005
Roger Federer
98.5%
2006
Roger Federer
98.5%
2007
Rafael Nadal
98.5%
2008
Roger Federer
98.5%
2010
Rafael Nadal
98.5%
2009
Roger Federer
98.5%
2012
Roger Federer
98.5%
1976
Bjorn Borg
94.4%
1977
Bjorn Borg
94.4%
1978
Bjorn Borg
94.4%
1980
Bjorn Borg
94.4%
1979
Bjorn Borg
94.4%
1993
Pete Sampras
94.4%
1994
Pete Sampras
94.4%
1995
Pete Sampras
94.4%
1997
Pete Sampras
94.4%
1998
Pete Sampras
94.4%
1999
Pete Sampras
94.4%
2000
Pete Sampras
94.4%
1981
John McEnroe
93.9%
1983
John McEnroe
93.9%
Year
Champion
% Correct
1984
John McEnroe
93.9%
1985
Boris Becker
92.3%
1986
Boris Becker
92.3%
1989
Boris Becker
92.3%
1992
Andre Agassi
88.3%
1974
Jimmy Connors
85.7%
1982
Jimmy Connors
85.7%
2011
Novak Djokovic
80.6%
2002
Lleyton Hewitt
80.1%
1968
Rod Laver
77.6%
1969
Rod Laver
77.6%
1988
Stefan Edberg
77%
1990
Stefan Edberg
77%
1975
Arthur Ashe
73%
1987
Pat Cash
69.4%
2001
Goran Ivanisevic
65.8%
1991
Micheal Stich
57.1%
1970
John Newcombe
55.6%
1971
John Newcombe
55.6%
1996
Richard Krajicek
53.6%
1972
Stan Smith
52.6%
1973
Jan Kodes
38.8%
Quiz Playlist
Details
Report
Send in Message
Add To Playlist
Classic:
Type in answers that appear in a list
Random Order:
Randomize order of answers
Quiz Source
Last Updated: Feb 16, 2017
Quiz Scoreboard
CHALLENGE
Sign Up to Join the Scoreboard
Show All
Scores
Hide
Comments
May contain spoilers
Recently Published
Colored Red Africa Blitz
by spor1
Geography
30s
Find the 'City' Movie
by crazypaving
Movies
60s
5x2 Blitz: Bands
by SL_Kpop136
Music
30s
More to Explore
Quiz From the Vault
Featured Blog Post
14 Easter Pick-up Lines to Find Eggs With
hide this ad
You Might Also Like...
Tags
champion
Era
male
open
Single
Wimbledon
Today's Top Quizzes in Sports
Browse Sports
hide this ad
Today's Top Quizzes in male
Browse male
Top Contributed Quizzes in Sports
1
Les meilleurs buteurs des matchs entre le PSG et l’OM
2
Les entraîneurs de l'OM et du PSG au 21e siècle
3
Les joueurs passés par le PSG et l'OM
4
2022 World Cup Stars
5
Players with Multiple 50 Home Run Seasons
6
Criteria MLB: Left Handed Sluggers
7
MLB Players with Two .350 Batting Average Seasons
8
Les joueurs passés par le LOSC et le RC Lens
9
NBA Logic Puzzle 2.0
10
Top 10 NHL Goal Scorers of All Time
Explore More
Trending Topics
Harry Potter
Crossword
Kpop
Marvel
Anime
Disney
NBA
NFL
The Office
Country
Song
Pokémon
WWE
Soccer
Puzzle
hide this ad
More By:
Musicofthenight
Quiz
Plays
Rating
Category
Featured
Created
Match the song to the artist
1,858
2.00
Music
Oct 18, 2012
Broadway/West End Musical By Song
1,142
1.67
Entertainment
Aug 26, 2012
NFL Legends
972
2.00
Sports
Jan 12, 2014
Yugioh characters from all series?
282
1.50
Entertainment
Nov 22, 2012
Meryl Streep movie by Co-stars
216
1.00
Movies
Aug 25, 2012
Go to Creator's Profile
Score Distribution
Quiz Creator Spotlight
Musicofthenight
Follow
Send a Message
Quizzes Created
-
Created Quiz Play Count
-
More By This Creator
Popular Quizzes Today
1
Colored Red Africa Blitz
2
Find the US States - No Outlines Minefield
3
Find the 'City' Movie
4
5x2 Blitz: Bands
5
The Countries of the World
6
Find the US States
7
Find the Countries of Europe - No Outlines Minefield
8
US States
More Sports Quizzes
South Africa XIs in World Cup Semi Finals
Quiz Lab
Trending Quizzes
Colored Red Europe Blitz I
Colored Red Europe Blitz II
Colored Red Africa Blitz II
Colored Red Europe Blitz III
Colored Red Africa Blitz III
Recently Updated
How Do You Spell That?
pecheneg
Godzilla Movies
pecheneg
Grab Bag: 4-10 Letters
pecheneg
2024 March Madness Bracket
pecheneg
Famous TV Couples
Peacemaker
Champions League XIs: Real Madrid
pecheneg
Largest US Cities 1790-2010
pecheneg
Rides in Walt Disney World
pecheneg
Most Oscar Losses (Acting)
pecheneg
Beyoncé Albums
pecheneg
Trending Topics
Marvel
NBA
Harry Potter
Crossword
Disney
Kpop
Anime
Pokémon
The Office
Country
WWE
Soccer
NFL
Puzzle
Song
Your Account Isn't Verified!
In order to create a playlist on Sporcle, you need to verify the email address you used during registration. Go to your
Sporcle Settings
to finish the process.
Report this User
Report this user for behavior that violates our
Community Guidelines
.
Details:
Send Report
Go to the Sporcle.com Mobile Site →
Comments